Groupes de choses - Disciplines aux Jeux méditerranéens 2022 - Statistiques

Statistiques générales
  • Ce quiz a été pris 32 fois
  • Le résultat moyen est 26 sur 81
Statistiques - réponses
Indice Réponse % Correct
Athlétisme 100 m
90%
Athlétisme 400 m
90%
Athlétisme 200 m
83%
Athlétisme 800 m
73%
Athlétisme Saut en hauteur
73%
Athlétisme Saut en longueur
73%
Sports collectifs Football
67%
Sports de combats Judo
67%
Athlétisme Saut à la perche
67%
Sports de raquette Tennis
67%
Sports de raquette Badminton
60%
Sports collectifs Handball
60%
Natation 100 m papillon
57%
Athlétisme Lancer de poids
57%
Sports de raquette Tennis de table
57%
Natation 100 m brasse
53%
Athlétisme 5000 m
53%
Sports de combats Boxe
53%
Natation 100 m dos
50%
Natation 200 m papillon
50%
Athlétisme 1500 m
47%
Natation 200 m brasse
47%
Natation 50 m brasse
47%
Natation 50 m nage libre
47%
Natation 50 m papillon
47%
Sports de combats Karaté
47%
Sports de combats Taekwondo
47%
Tirs Tir à l'arc
47%
Natation 100 m nage libre
43%
Natation 200 m dos
43%
Natation 50 m dos
43%
Gymnastique artistique Poutre
43%
Sports de combats Escrime
40%
Natation 200 m nage libre
37%
Gymnastique artistique Anneaux
37%
Gymnastique artistique Sol
37%
Gymnastique artistique Barres asymétriques
33%
Gymnastique artistique Barres parallèles
33%
Sports de combats Lutte gréco-romaine
33%
Athlétisme Triple saut
33%
Natation 400 m nage libre
30%
Equitation Saut d'obstacle
30%
Athlétisme 3000 m Steeple
27%
Natation 400 m 4 nages
27%
Athlétisme 400 m haies
23%
Athlétisme 4 x 100 m
23%
Athlétisme 4 x 400 m
23%
Cyclisme Contre la montre
23%
Sports collectifs Water-polo
23%
Natation 200 m 4 nages
20%
Cyclisme Cyclisme sur route
20%
Haltérophilie Haltérophilie
17%
Athlétisme Lancer du disque
17%
Athlétisme Lancer du marteau
17%
Planche à Voile Planche à voile
17%
Gymnastique artistique Saut de cheval
17%
Gymnastique artistique Barre fixe
13%
Athlétisme Lancer du javelot
13%
Natation 4 x 100 m 4 nages
10%
Sports de combats Lutte libre
10%
Athlétisme Semi-marathon
10%
Natation 4 x 100 m nage libre
7%
Gymnastique artistique Cheval d'arçons
7%
Natation 4 x 200 m nage libre
3%
Gymnastique artistique Concours général
3%
Boules Pétanque double
3%
Athlétisme 100 m haies femmes
0%
Athlétisme 110 m haies hommes
0%
Natation 1500 m nage libre hommes
0%
Natation 800 m nage libre femmes
0%
Sports collectifs Basketball à 3
0%
Boules Boule lyonnaise précision
0%
Boules Boule lyonnaise progressive
0%
Boules Pétanque précision
0%
Boules Raffa double
0%
Boules Raffa simple
0%
Tirs Tir sportif carabine
0%
Tirs Tir sportif fosse olympique
0%
Tirs Tir sportif pistolet
0%
Tirs Tir sportif skeet
0%
Voile Voile Laser
0%
Aucun quiz correspondant
Distribution des résultats
% des personnes avec chaque résultat
Percentile par nombre de réponses
Votre historique - résultats
Vous n’avez pas pris ce quiz